| 000 | 00982nam a22002537a 4500 | ||
|---|---|---|---|
| 005 | 20170124102935.0 | ||
| 010 | _aA-990045 | ||
| 020 |
_c395.00 _a8170556716 |
||
| 035 | _aA-990045 | ||
| 037 | _bCen Lib/Ret | ||
| 040 |
_aDPL _bHN |
||
| 082 |
_a820.92 _bसचदे |
||
| 100 |
_aसचदेव, पदमा _92125 |
||
| 245 |
_aबूँद-बावड़ी / _cपदमा सचदेव |
||
| 246 |
_aBoond bawri / _bby Padma Sachadev |
||
| 260 |
_aनई दिल्ली _bवाणी प्रकाशन _c1999 |
||
| 270 |
_a21-ए, दरयागंज _bनई दिल्ली _e110002 |
||
| 300 |
_a363पृ. _c21सेमी (सजिल्द) |
||
| 650 |
_aहिंदी साहित्य _947609 |
||
| 650 |
_aहिंदी साहित्य --कहानिया _91009 |
||
| 650 |
_aHindi literature _947610 |
||
| 650 |
_aHindi literature--Stories _947611 |
||
| 942 |
_2ddc _cHN _h820.92 _mसचदेव |
||
| 999 |
_c112212 _d112212 |
||